MARC

LEADER 00000nam0a2200000 4500
001 127155
005 20231031132123.0
035 |a (RuTPU)RU\TPU\book\137539 
090 |a 127155 
100 |a 20071210d1957 km y0rusy50 ca 
101 0 |a rus 
102 |a RU 
105 |a a z 001zy 
200 1 |a Влияние температуры на механические свойства металлов и сплавов  |f Е. М. Савицкий  |g Академия наук СССР (АН СССР), Институт металлургии им. А. А. Байкова (ИМЕТ) 
210 |a Москва  |c Изд-во Академии наук СССР  |d 1957 
215 |a 294 с.  |c ил. 
320 |a Библиогр.: с. 283-292. 
610 1 |a влияние 
610 1 |a температура 
610 1 |a металлы 
610 1 |a механические свойства 
610 1 |a сплавы 
610 1 |a термическая обработка 
610 1 |a аппаратура 
610 1 |a методика 
610 1 |a исследование 
675 |a 669.14:539.4.016  |v 3 
700 1 |a Савицкий  |b Е. М.  |g Евгений Михайлович 
712 0 2 |a Академия наук СССР (АН СССР)  |b Институт металлургии им. А. А. Байкова (ИМЕТ)  |c (Москва)  |2 stltpush  |3 (RuTPU)RU\TPU\col\312 
801 1 |a RU  |b 63413507  |c 20071210  |g PSBO 
801 2 |a RU  |b 63413507  |c 20210608  |g PSBO 
942 |c BK